Vista normal Vista MARC

Entrada Personal Name

Número de registros utilizados en: 2

001 - CONTROL NUMBER

  • control field: 38694

003 - CONTROL NUMBER IDENTIFIER

  • control field: OSt

005 - DATE AND TIME OF LATEST TRANSACTION

  • control field: 20210724014141.0

008 - FIXED-LENGTH DATA ELEMENTS

  • fixed length control field: 210724|| aca||aabn | a|a d

040 ## - CATALOGING SOURCE

  • Original cataloging agency: OSt
  • Transcribing agency: OSt

100 ## - HEADING--PERSONAL NAME

  • Personal name: Palau, Gonzalo

670 ## - SOURCE DATA FOUND

  • Source citation: Work cat.: (OSt)8192: Mendoza, Luis Jorge, 16585 autor, Manual de crédito para vivienda / , [1986?]